| 000 | 01042nam a2200253 a 4500 | ||
|---|---|---|---|
| 001 | 000011495 | ||
| 005 | 20240530073931.0 | ||
| 008 | 091019s1982 dr 001 e spa d | ||
| 040 |
_aDO-SdBNP _bspa _cBNPHU |
||
| 082 |
_aRD864.44 _bJ61a, 1982 |
||
| 100 | 1 |
_aJimenes Grullón, Juan Isidro, _d1903-1983 _92482 |
|
| 245 | 1 | 0 |
_aAnti-Sábato o Ernesto Sábato : _bun escritor dominado por fantasmas / _cJuan Isidro Jimenes-Grullón ; prólogo Tony Raful. |
| 260 |
_aSanto Domingo : _bBiblioteca Nacional : _bCentro de Investigaciones Literarias, _c1982. |
||
| 300 |
_a104 p. ; _c22 cm. |
||
| 500 | _aIncluye datos biográficos del autor [p.1]. | ||
| 504 | _aIncluye bibliografía y notas al pie de páginas. | ||
| 600 | 1 | 4 |
_aSÁBATO, ERNESTO, _d1911- _xCRÍTICA E INTERPRETACIÓN _927222 |
| 650 | 4 |
_aAutores argentinos _xCrítica e interpretación _927223 |
|
| 650 | 0 |
_aEnsayos dominicanos _965 |
|
| 650 | 0 |
_aLiteratura dominicana. _967 |
|
| 700 | 1 |
_aRaful, Tony, _d1951- _epról. _91377 |
|
| 910 | _aValidado. Control de calidad | ||
| 049 | _aBNPD | ||
| 999 |
_c11196 _d11196 |
||